Coaching para emprender (Registro nro. 14824)

Detalles MARC
000 -CABECERA
Longitud fija campo de control 00578nam a22002057a 4500
003 - IDENTIFICADOR DELl NÚMERO DE CONTROL
Identificador del número de control OSt
005 - FECHA Y HORA DE LA ÚLTIMA TRANSACCIÓN
Fecha y hora de la última transacción 20141024141926.0
008 - CÓDIGOS DE INFORMACIÓN DE LONGITUD FIJA
Códigos de información de longitud fija 141021b xxu||||| |||| 00| 0 eng d
020 ## - NÚMERO INTERNACIONAL NORMALIZADO PARA LIBROS
Número Internacional Normalizado para Libros (ISBN) 978-84-7978-970-1
040 ## - FUENTE DE LA CATALOGACIÓN
Centro transcriptor BMC
082 ## - NÚMERO DE LA CLASIFICACIÓN DECIMAL DEWEY
Númeroo de clasificación 658.11
082 ## - NÚMERO DE LA CLASIFICACIÓN DECIMAL DEWEY
Númeroo de clasificación 650.1
100 1# - PUNTO DE ACCESO PRINCIPAL-NOMBRE DE PERSONA
Nombre de persona Cajina, Gregory
9 (RLIN) 26959
245 10 - MENCIÓN DE TÍTULO
Título Coaching para emprender
Resto del título : cambia tu rumbo, despide a tu jefe
Mención de responsabilidad, etc. Gregory Cajina
260 ## - PUBLICACIÓN, DISTRIBUCIÓN, ETC. (PIE DE IMPRENTA)
Lugar de publicación, distribución, etc. Madrid
Nombre del editor, distribuidor, etc. Díaz de Santos
Fecha de publicación, distribución, etc. cop. 2010
300 ## - DESCRIPCIÓN FÍSICA
Extensión XXV, 146 p.
Dimensiones 22 cm.
650 24 - PUNTO DE ACCESO ADICIONAL DE MATERIA - TÉRMINO DE MATERIA
Término de materia o nombre geográfico como elemento inicial Emprendedores
9 (RLIN) 6296
650 24 - PUNTO DE ACCESO ADICIONAL DE MATERIA - TÉRMINO DE MATERIA
Término de materia o nombre geográfico como elemento inicial Éxito en los negocios
9 (RLIN) 10078
942 ## - ENTRADA DE ELEMENTOS AGREGADOS (KOHA)
Fuente de clasificaión o esquema Dewey Decimal Classification
Koha [por defecto] tipo de item 1- Monografias
Existencias
Suprimido Perdido Fuente de clasificación o esquema Estropeado Restricciones de uso No para préstamo Código de colección Localización permanente Localización actual Localización en estanter&íacute;as Fecha adquisición Fuente de adquisición Número de inventario Préstamos totales Signatura completa Código de barras Fecha última consulta Fecha último préstamo Coste, precio reemplazado Tipo de item de Koha Fecha del precio de reemplazo
NULL NULL Dewey Decimal Classification NULL Prestable NULL NULL Biblioteca Miguel de Cervantes - UNICAES Biblioteca Miguel de Cervantes - UNICAES Sala Principal 14/09/2011 Donación - Facultad de Ciencias Empresariales 023379 1 658.11 CAJ coa 1023839 20/10/2023 19/10/2023 27.20 1- Monografias  
NULL NULL Dewey Decimal Classification NULL Prestable NULL NULL Biblioteca Miguel de Cervantes - UNICAES Biblioteca Miguel de Cervantes - UNICAES Sala Principal 14/09/2011 Donación - Facultad de Ciencias Empresariales 023380 2 658.11 CAJ coa 1023840 21/08/2019 21/08/2019   1- Monografias 22/10/2014
NULL NULL Dewey Decimal Classification NULL Prestable NULL NULL Biblioteca Miguel de Cervantes - UNICAES Biblioteca Miguel de Cervantes - UNICAES Sala Principal 14/09/2011 Donación - Facultad de Ciencias Empresariales 023381 2 658.11 CAJ coa 1023841 19/10/2023 19/10/2023   1- Monografias 22/10/2014